Gemeinden am Bodensee auf einer Karte - Statistiken

Allgemein
  • Dieses Quiz wurde 275 mal gespielt
  • Das Durchschnittsergebnis liegt bei 17 aus 53
Antworten auf der Karte
Die Antworten werden auf der Karte rot bzw. grün angezeigt, abhängig davon wie oft sie richtig erraten wurden.
 
Antwortstatistiken
Bezirk / Landkreis / Wahlkreis Einwohner Gemeinde % Korrekt
Konstanz 84.446 Konstanz
96%
Lindau 25.543 Lindau (Bodensee)
86%
Bregenz 29.534 Bregenz
85%
Bodenseekreis 61.221 Friedrichshafen
85%
Bodenseekreis 22.713 Überlingen
80%
Bodenseekreis 6050 Meersburg
66%
Konstanz 31.530 Radolfzell am Bodensee
59%
Arbon 11.269 Romanshorn
57%
Kreuzlingen 22.188 Kreuzlingen
55%
Stein 3505 Stein am Rhein
43%
Konstanz 5360 Reichenau
41%
Konstanz 4696 Bodman-Ludwigshafen
40%
Rorschach 9438 Rorschach
40%
Bodenseekreis 8309 Uhldingen-Mühlhofen
40%
Arbon 14.796 Arbon
38%
Bodenseekreis 6543 Immenstaad am Bodensee
38%
Bodenseekreis 8624 Kressbronn am Bodensee
38%
Bodenseekreis 7643 Langenargen
38%
Lindau 3801 Wasserburg (Bodensee)
36%
Bodenseekreis 1419 Hagnau am Bodensee
31%
Bregenz 13.591 Hard
31%
Lindau 1799 Nonnenhorn
30%
Konstanz 7162 Allensbach
28%
Bodenseekreis 2051 Sipplingen
26%
Bodenseekreis 4923 Eriskirch
25%
Arbon 2901 Horn
22%
Frauenfeld 3746 Steckborn
22%
Kreuzlingen 3494 Münsterlingen
18%
Bodenseekreis 1031 Stetten
18%
Kreuzlingen 3527 Ermatingen
17%
Bregenz 8167 Höchst
17%
Kreuzlingen 2285 Altnau
16%
Arbon 4699 Egnach
16%
Konstanz 3362 Gaienhofen
16%
Kreuzlingen 333 Gottlieben
16%
Arbon 999 Kesswil
16%
Kreuzlingen 4762 Tägerwilen
16%
Arbon 1893 Uttwil
16%
Rorschach 9504 Goldach
15%
Kreuzlingen 1661 Güttingen
15%
Frauenfeld 659 Mammern
15%
Konstanz 3346 Moos
15%
Frauenfeld 917 Berlingen
14%
Kreuzlingen 2301 Bottighofen
14%
Frauenfeld 1832 Eschenz
14%
Bregenz 3873 Fußach
14%
Rorschach 7382 Rorschacherberg
14%
Rorschach 3608 Steinach
14%
Bregenz 1875 Gaißau
13%
Arbon 1477 Salmsach
13%
Rorschach 6565 Thal
13%
Konstanz 3696 Öhningen
11%
Kreuzlingen 1369 Salenstein
11%
Keine übereinstimmenden Quizze gefunden
Verteilung der Resultate
Anzahl Personen mit jedem Resultat
Perzentil nach korrekt beantworteten Fragen
Ihre Resultats-Entwicklung
Sie haben dieses Quiz noch nicht gespielt